000 00935nam a22002777a 4500
001 BR8007461
003 BR-BrBNA
005 20230928090847.0
007 ta
008 230509b bl.||||| |||| 00| 0 por d
040 _aBR-BrBNA
_bpor
_cBiblioteca Nacional de Agricultura
041 _a(Por)
072 _aL00
_b7100
_b/G514
090 _ 7100 BR8007461
100 1 _aWiese, H.
110 1 _aSecretaria da Agricultura e do Abastecimento, Florianopolis, SC (Brasil). Projeto de Apicultura
_98319
245 1 _aInformacao sobre polen, definicao coleta, utilizacao e comercializacao [apicultura, Brasil]
260 3 _aFlorianopolis, SC (Brasil):
_c1980.
300 _a6 p.
500 _a(*) Documento disponível no(a) Empresa Catarinense de Pesquisa Agropecuaria, Florianopolis, SC (Brazil)
650 _aAPICULTURA
650 _aPOLEN
650 _aCOMERCIALIZACAO
909 _a202309
_bLucia
_c55
_dLucia Elande
942 _cBK
999 _c30948
_d30948